00644nam a22002057a 450000500170000001000110001702000100002803500110003803700160004904000120006508200160007710000170009324500810011024600700019126000440026127000440030530000210034965000450037065000230041520170124110103.0 a962910 c40.00 a962910 bCen Lib/Ret aDPLbEN a954.09bTEW aTewari, V.N. a12 willingdon crescent :cby V.N.TewaribIndian politics at the crossroads / aTwelve willingdon crescent :bIndian politics at the crossroads / bAjanta Books Internationalc1979aDelhi a1 U.B., Jawaharlal NagarbDelhie110007 a142p. c20cm(Hb) aIndia -- Politics and government -- 1977 aPolitics of murder